| 000 | 01407nam a2200409Ii 4500 | ||
|---|---|---|---|
| 001 | DIGMINIM0046 | ||
| 003 | NyNyDIG | ||
| 006 | m o d | ||
| 008 | 170128s2014 sp o 000 0 spa d | ||
| 007 | cr ||||||||||| | ||
| 035 | _a(OCoLC)969872148 | ||
| 040 |
_aDGITA _beng _erda _epn _cDGITA |
||
| 020 |
_a9788416196227 _q(eBook) |
||
| 020 |
_a8416196222 _q(eBook) |
||
| 041 | 1 |
_aspa _hger |
|
| 050 | 1 | 4 | _aJZ5552 ebook |
| 082 | 0 | 4 | _a327.172 |
| 100 | 1 |
_aKant, Immanuel, _d1724-1804, _eauthor. |
|
| 240 | 1 | 0 |
_aZum ewigen Frieden. _lSpanish _s(Editorial Minimal) |
| 245 | 1 | 3 |
_aLa paz perpetua / _cImmanuel Kant. |
| 264 | 1 |
_a[Barcelona] : _bEditorial Minimal, _c[2014] |
|
| 300 | _a1 online resource. | ||
| 336 |
_atext _btxt _2rdacontent |
||
| 337 |
_aunmediated _bn _2rdamedia |
||
| 338 |
_avolume _bnc _2rdacarrier |
||
| 490 | 1 | _aColección Ensayos universales | |
| 588 | 0 | _aOnline resource; title from ePub cover page (Digitalia, viewed January 28, 2017) | |
| 650 | 0 | _aPeace. | |
| 655 | 0 | _aElectronic books. | |
| 700 | 1 |
_iTranslation of: _aKant, Immanuel, _d1724-1804. _tZum ewigen Frieden. |
|
| 791 | 2 |
_aDigitalia (Firm), _edistributor. |
|
| 793 | 0 |
_gDigitalia eBook Collection: _aEditorial Minimal |
|
| 830 | 0 | _aColección Ensayos universales. | |
| 856 | 4 | 0 |
_3Digitalia Hispánica _uhttps://www.digitaliapublishing.com/a/40304/ |
| 910 | _aPremium collection: 2016 | ||
| 942 | _cRAA | ||
| 999 |
_c245507 _d245507 |
||